After Khomeini : (Record no. 27140)

MARC details
000 -LEADER
fixed length control field 01635nam a22003255i 4500
003 - CONTROL NUMBER IDENTIFIER
control field OSt
005 - DATE AND TIME OF LATEST TRANSACTION
control field 20190213142111.0
008 - FIXED-LENGTH DATA ELEMENTS--GENERAL INFORMATION
fixed length control field 190213r20122009nyu |||frb||| 001 0 eng d
020 ## - INTERNATIONAL STANDARD BOOK NUMBER
International Standard Book Number 9780199891948
020 ## - INTERNATIONAL STANDARD BOOK NUMBER
International Standard Book Number 019989194X
040 ## - CATALOGING SOURCE
Original cataloging agency EG-ScBUE
Language of cataloging eng
Transcribing agency EG-ScBUE
082 04 - DEWEY DECIMAL CLASSIFICATION NUMBER
Edition number 22
Classification number 955.0543
Item number ARJ
100 1# - MAIN ENTRY--PERSONAL NAME
9 (RLIN) 42004
Personal name Arjomand, Said Amir.
245 10 - TITLE STATEMENT
Title After Khomeini :
Remainder of title Iran under his successors /
Statement of responsibility, etc Saïd Amir Arjmand.
250 ## - EDITION STATEMENT
Edition statement Paperback ed.
264 #1 - PUBLICATION, DISTRIBUTION, ETC. (IMPRINT)
Place of publication, distribution, etc New York :
Name of publisher, distributor, etc Oxford University Press,
Date of publication, distribution, etc 2012.
300 ## - PHYSICAL DESCRIPTION
Extent xi, 268 pages :
Other physical details illustrations ;
Dimensions 25 cm.
336 ## - CONTENT TYPE
Source rdacontent
Content type term txt
337 ## - MEDIA TYPE
Source rdamedia
Media type term unmediated
338 ## - CARRIER TYPE
Source rdacarrier
Carrier type term volume
500 ## - GENERAL NOTE
General note Includes index.
504 ## - BIBLIOGRAPHY, ETC. NOTE
Bibliography, etc Bibliography : p. 245-256.
520 ## - SUMMARY, ETC.
Summary, etc <br/>For many Americans, Iran is our most dangerous enemy--part of George W. Bush's "axis of evil" even before the appearance of Ahmadinejad. But what is the reality? How did Ahmadinejad rise to power, and how much power does he really have? What are the chances of normalizing relations with Iran? In After Khomeini, Said Amir Arjomand paints a subtle and perceptive portrait of contemporary Iran. This work, a sequel to Arjomand's acclaimed The Turban for the Crown, examines Iran under the successors of Ayatollah Khomeini up to the present day. He begins, as the Islamic Republic did, with K.
600 10 - SUBJECT ADDED ENTRY--PERSONAL NAME
9 (RLIN) 42001
Personal name Khomeini, Ruhollah
651 #7 - SUBJECT ADDED ENTRY--GEOGRAPHIC NAME
Source of heading or term BUEsh
9 (RLIN) 11019
Geographic name Iran
General subdivision Politics and government
Chronological subdivision 1979-1997.
651 #7 - SUBJECT ADDED ENTRY--GEOGRAPHIC NAME
Source of heading or term BUEsh
9 (RLIN) 42002
Geographic name Iran
General subdivision History
Chronological subdivision 1979-1997.
651 #7 - SUBJECT ADDED ENTRY--GEOGRAPHIC NAME
Source of heading or term BUEsh
9 (RLIN) 4833
Geographic name Iran
General subdivision History
Chronological subdivision 1997-
653 ## - INDEX TERM--UNCONTROLLED
Resource For college BAEPS, Political Science
Arrived date list February2019
942 ## - ADDED ENTRY ELEMENTS (KOHA)
Source of classification or shelving scheme Dewey Decimal Classification
Koha item type Book - Borrowing
Holdings
Withdrawn status Lost status Source of classification or shelving scheme Damaged status Not for loan Collection code Home library Current library Shelving location Date acquired Source of acquisition Cost, normal purchase price Serial Enumeration / chronology Total Checkouts Full call number Barcode Date last seen Price effective from Koha item type
    Dewey Decimal Classification     MERIC Central Library Central Library First floor 13/02/2019 Purchase 112.15 000292   955.0543 ARJ 000044181 15/07/2025 13/02/2019 Book - Borrowing